TOP 50 "Raperów" w Polsce 2025 - Statystyki

Ogólne statystyki
  • Ten quiz został rozwiązany 577 razy
  • Średni wynik to 19 z 50
Statystyki odpowiedzi
Hint Odpowiedź % Poprawnych
1 Mata
89%
11 White 2115
85%
7 Oki
80%
10 Bedoes 2115
79%
6 Bambi
73%
9 Quebonafide
72%
4 Taco Hemingway
71%
13 Young Leosia
70%
2 Sobel
65%
20 Young Igi
65%
17 Malik Montana
63%
21 Białas
61%
18 Żabson
59%
8 Kizo
58%
12 Otsochodzi
57%
44 Blacha 2115
55%
14 Szpaku
55%
23 kuqe 2115
53%
32 Paluch
48%
25 ReTo
46%
5 Pezet
45%
3 Gibbs
36%
22 Kaz Bałagane
35%
31 Chivas
33%
41 Jan-Rapowanie
33%
42 Sentino
33%
24 Guzior
31%
15 Tymek
30%
29 Fukaj
28%
26 Kukon
28%
36 Avi
24%
38 Smolasty
24%
33 Kinny Zimmer
23%
46 Kuban
23%
16 PRO8L3M
22%
40 Sokół
21%
19 Lanek
19%
35 TACONAFIDE
19%
50 Alberto
17%
45 Kali
17%
49 Zeamsone
17%
39 Kabe
14%
37 Opał
13%
48 schafter
12%
43 Waima
11%
30 Louis Villain
10%
47 Wac Toja
10%
28 Mr. Polska
9%
27 Oskar83
9%
34 SB Mafijja
1%
Nie znaleziono quizów pasujących do podanych kryteriów
Rozkład punktacji
Procent ludzi z każdym wynikiem
Percentyl według liczby udzielonych odpowiedzi
Twoja historia wyników
Nie rozwiązałeś tego quizu